000 00927nam a2200301Ia 4500
003 OSt
005 20221007123223.0
006 a|||||r|||| 00| 0
007 ta
008 221006b |||||||| |||| 00| 0 eng d
020 _a354056845X (Berlin)
_cDM 180.00
024 _a2764
037 _bNarosa,
_cTextual
040 _aPAPL
_cPAPL
_beng
041 _2eng
_aeng
082 _aC9B2, N4
100 _aDelone N B
_9716897
245 0 _aMultiphoton processes in atoms by N B Delone and V P Krainov
_b Krainov V P
260 _aBerlin
_bSpringer Verlag
_c1994
300 _a318p
_ccm.
490 _aSpringer series on atoms +plasmas; 13
500 _a23/CSL/Carpa/94-95/1201^d1994-11-14; ^c1995-04-21^bSB
650 _a Atomic
_9713412
650 _aPhysics
700 _a Krainov V P
_9716898
942 _hC9B2, N4
_cTEXL
_2CC
999 _c1211555
_d1211555